Herbert Marcuse as Social Justice Educator A Critical Introduction (Record no. 1679829)

MARC details
000 -LEADER
fixed length control field 00659 a2200217 4500
005 - DATE AND TIME OF LATEST TRANSACTION
control field 20260409162553.0
008 - FIXED-LENGTH DATA ELEMENTS--GENERAL INFORMATION
fixed length control field 260409b |||||||| |||| 00| 0 eng d
020 ## - INTERNATIONAL STANDARD BOOK NUMBER
International Standard Book Number 9781032945934 (pbk)
037 ## - SOURCE OF ACQUISITION
Terms of availability TB
040 ## - CATALOGING SOURCE
Original cataloging agency CRL
Transcribing agency CRL
041 ## - LANGUAGE CODE
Source of code eng
Language code of text/sound track or separate title eng
084 ## - COLON CLASSIFICATION NUMBER
Classification number R3xM98 R5
Assigning agency CRL
100 ## - MAIN ENTRY--PERSONAL NAME
Personal name Reitz, Charles
9 (RLIN) 1116063
245 ## - TITLE STATEMENT
Title Herbert Marcuse as Social Justice Educator A Critical Introduction
260 ## - PUBLICATION, DISTRIBUTION, ETC.
Place of publication, distribution, etc. New York:
Name of publisher, distributor, etc. Routledge,
Date of publication, distribution, etc. 2025.
300 ## - PHYSICAL DESCRIPTION
Extent 168p.
365 ## - TRADE PRICE
Price amount 39.99
Currency code GBP
650 ## - SUBJECT ADDED ENTRY--TOPICAL TERM
Topical term or geographic name entry element Philosophy
942 ## - ADDED ENTRY ELEMENTS (KOHA)
Koha item type Textbook
Source of classification or shelving scheme Colon Classification (CC)
Classification part R3xM98 R5
Holdings
Withdrawn status Lost status Source of classification or shelving scheme Damaged status Not for loan Home library Current library Date acquired Source of acquisition Cost, normal purchase price Inventory number Total Checkouts Full call number Barcode Date last seen Cost, replacement price Price effective from Koha item type
    Colon Classification (CC)     Central Library Central Library 2026-04-09 Knowledge Warehouse 3959.01 4478/16/2/2026   R3xM98 R5 CL1926450 2026-02-18 4948.76 2026-02-18 Textbook
Copyright @ Delhi University Library System